000 00972cam a2200277 a 4500
001 13154626
003 mut
005 20240606081119.0
008 030409s2004 nyua b 001 0 eng
010 _a 2003047638
020 _a0321159551
040 _aDLC
_cDLC
_dDLC
050 0 0 _aTK5105.888
_b.S257 2004
082 0 0 _a005.7/2
_221
100 1 _aSammons, Martha C.,
_d1949-
245 1 4 _aThe Internet writer's handbook /
250 _a2nd ed.
260 _aNew York :
_bPearson/Longman,
_cc2004.
300 _axiii, 430 p. :
_bill. ;
_c23 cm.
504 _aIncludes bibliographical references (p. 421) and index.
650 0 _aWeb sites
_xDesign
_vHandbooks, manuals, etc.
650 0 _aInternet
_vHandbooks, manuals, etc.
906 _a7
_bcbc
_corignew
_d1
_eocip
_f20
_gy-gencatlg
942 _2lcc
_cBK
999 _c9582
_d9582